书目信息 |
| 题名: |
矿产资源综合利用手册
|
|
| 作者: | ;《矿产资源综合利用手册》编辑委员会 编 | |
| 分册: | ||
| 出版信息: | 北京 科学出版社 2000.02 |
|
| 页数: | 835页 | |
| 开本: | 26cm | |
| 丛书名: | ||
| 单 册: | ||
| 中图分类: | X , TD98-62 | |
| 科图分类: | ||
| 主题词: | 矿产资源--综合利用 | |
| 电子资源: | ||
| ISBN: | 7-03-007441-6 | |
| 000 | 00759nam0 2200205 45 | |
| 001 | 0236446915 | |
| 005 | 2002062710072691 | |
| 010 | @a7-03-007441-6@dRMB 120.00 | |
| 100 | @a20020627d2000 km y0chiy0120 ea | |
| 101 | 0 | @achi |
| 102 | @aCN@b110000 | |
| 200 | 1 | @a矿产资源综合利用手册@Akuang chan zi yuan zong he li yong shou ce@f《矿产资源综合利用手册》编辑委员会编@F《kuang chan zi yuan zong he li yong shou ce》bian ji wei yuan hui bian |
| 210 | @a北京@c科学出版社@d2000.02 | |
| 215 | @a835页@d26cm | |
| 606 | 0 | @a矿产资源@x综合利用 |
| 690 | @aX@v3 | |
| 690 | @aTD98-62@v4 | |
| 711 | 0 | @a《矿产资源综合利用手册》编辑委员会@A《kuang chan zi yuan zong he li yong shou ce》bian ji wei yuan hui@4编 |
| 801 | 0 | @aCN@bPFT@c20020627 |
| 905 | @a10447@dTD98-62@eK933 | |
| 矿产资源综合利用手册/《矿产资源综合利用手册》编辑委员会编.-北京:科学出版社,2000.02 |
| 835页;26cm |
| ISBN 7-03-007441-6:RMB 120.00 |
| ● |
| 相关链接 |
|
|
|
正题名:矿产资源综合利用手册
索取号:TD98-62/K933
 
预约/预借
| 序号 | 登录号 | 条形码 | 馆藏地/架位号 | 状态 | 备注 |
| 1 | 368095 | 203680953 | 自科库501/501自科库 22排1列4层/ [索取号:TD98-62/K933] | 在馆 |